Statistics for Spanish Immigration by Country

Click here to take the quiz!

General Stats

  • This quiz has been taken 11,123 times
    (10,565 since last reset)
  • The average score is 15 of 20

Answer Stats

Population Country % Correct
100,448France
98%
311,774United Kingdom
97%
109,568Portugal
96%
182,249Italy
93%
149,522Germany
92%
714,221Morocco
88%
80,910Argentina
86%
62,452Russia
82%
63,365Brazil
80%
56,282Algeria
80%
172,368Colombia
79%
164,555China
78%
83,583Peru
73%
70,606Poland
70%
126,421Bolivia
57%
212,970Ecuador
57%
81,625Ukraine
53%
730,340Romania
51%
140,206Bulgaria
41%
77,280Dominican Republic
27%

Score Distribution

Percentile by Number Answered

Percent of People with Each Score

Your Score History

You have not taken this quiz since the last reset